| 000 | 00826nam a22002055i 4500 | ||
|---|---|---|---|
| 001 | 54214 | ||
| 003 | ES-MaACL | ||
| 005 | 20250704063110.0 | ||
| 007 | t| | ||
| 008 | 981007m18681869fr ||||1| fre d | ||
| 040 |
_aCCPB | B _bspa _cCCPB | B |
||
| 100 | 1 |
_aFiore, Pasquale _950942 |
|
| 245 | 1 | 0 |
_aNouveau droit international public _b: suivant les besoins de la civilisation moderne / _cpar Pasquale Fiore ; traduit de l'italien, annoté précédé d'une introduction historique, et suivi d'une table analytique et alphabétique des matières par P. Pradier-Fodéré. |
| 260 |
_aParis : _bAuguste Durand et Pedone-Lauriel, _c1868-1869. |
||
| 300 |
_a2 v. (695 ; 526 p.) ; _c22 cm. |
||
| 700 | 1 |
_aPradier-Fodéré, P. _993600 |
|
| 852 |
_aES-MaACL _jF-14626-7 |
||
| 999 |
_c54214 _d54214 |
||